Optimal Control Theory an Introduction (Record no. 609827)

000 -LEADER
fixed length control field 00361nam a22001337a 4500
020 ## - INTERNATIONAL STANDARD BOOK NUMBER
International Standard Book Number 9780486434841
040 ## - CATALOGING SOURCE
Transcribing agency NUST
082 ## - DEWEY DECIMAL CLASSIFICATION NUMBER
Classification number 629.8312
Author Mark KIR
100 ## - MAIN ENTRY--PERSONAL NAME
Personal name Kirk , Donald .E
9 (RLIN) 57359
245 ## - TITLE STATEMENT
Title Optimal Control Theory an Introduction
260 ## - PUBLICATION, DISTRIBUTION, ETC.
Place of publication, distribution, etc. New York:
Name of publisher, distributor, etc. Dover,
Date of publication, distribution, etc. 2004.
650 ## - SUBJECT ADDED ENTRY--TOPICAL TERM
Topical term or geographic name entry element Optimal Control Theory an Introduction
9 (RLIN) 123737
942 ## - ADDED ENTRY ELEMENTS (KOHA)
Source of classification or shelving scheme
Koha item type Book

No items available.

© 2023 Central Library, National University of Sciences and Technology. All Rights Reserved.